Acteurs du film Shutter Island par images - Statistiques

Statistiques générales
  • Ce quiz a été pris 122 fois
  • Le résultat moyen est 3 sur 6
Statistiques - réponses
Par images Hint Réponse % Correct
Edward Daniels Leonardo DiCaprio
100%
Chuck Aule Mark Ruffalo
78%
le Réalisateur Martin Scorsese
74%
John Cawley Ben Kingsley
52%
Dolores Chanal Michelle Williams
27%
Jeremiah Naehring Max von Sydow
16%
Aucun quiz correspondant
Distribution des résultats
% des personnes avec chaque résultat
Percentile par nombre de réponses
Votre historique - résultats
Vous n’avez pas pris ce quiz